000 02169nam a2200373 i 4500
001 768714001
003 CO-MdFUSB
005 20260324093753.0
007 ta
008 241009t1981 sp b|||| |||| 001 0 spa d
020 _a8425408318
040 _bspa.
_aCO-MdFUSB
_cCO-MdFUSB
_dCO-MdFUSBC
_erda
041 _aspa
_hger
082 _223
_a226.607
_bW633
100 _aWikenhauser, Alfred,
_eautor
240 _aApostelgeschichte
245 4 _aLos Hechos de los apóstoles
_c/ Alfred Wikenhauser ; traducido por Florencio Galindo
250 _aTercera edición
_b1981
264 1 _aBarcelona, España :
_bHerder,
_c[1981]
264 4 _c©1981
300 _a424 páginas
_b: mapa plegable
_c; 22 cm
336 _2rdacontent
_atexto
_btxt
337 _2rdamedia
_asin mediación
_bn
338 _2rdacarrier
_avolumen
_bnc
490 _aBiblioteca Herder
500 _aIncluye índice, cuadro cronológico, mapa.
505 _gParte Primera:
_tLa iglesia en su fase Judeocristiana. Jerusalén, centro de la cristianidad (2,1-9,31)
_aSección primera: La comunidad primitiva: su origen, desarrollo y posición frente a la autoridad judía. Su vida religioso-social (2,1-8,3). -- Sección segunda: La misión en Palestina - preludio de la evangelización de los gentiles (8,4-9,31).
_gParte Segunda:
_tPrincipios y consolidación de la evangelización de los gentiles. Antioquía, centro de irradiación (9,32-15,35).
_aSección Primera: Primeros pasos en la evangelización de los gentiles (9,32-12,25). -- Sección segunda: Se consolida la evangelización de los gentiles, 13, 1-15,35.
_gParte Tercera:
_tLa evangelización de los gentiles. Pablo, personaje central de la acción (15,36-28,31).
_aSección Primera: Pablo en el apogeo de su actividad misional (15,36-19,40). -- Sección Segunda: Pablo, víctima de su actividad misionera. Su testimonio de Cristo en calidad de prisionero (20,1-28,31).
563 _aTapa dura
630 0 7 _aBiblia.
_pHechos
_vCrítica e interpretación
650 7 _aHermenéutica bíblica
_2embne
_97333
700 _aGalindo, Florencio,
_d1928-
_910813
_etraductor
942 _cBK
945 _aCatherine Arias Alvarez
999 _c71060
_d71060